Catálogo
 En Linea
Vista normal Vista MARC

Entrada Nombre personal

Número de registros utilizados en: 3

001 - NÚMERO DE CONTROL

  • campo de control: 72198

003 - IDENTIFICADOR DEL NÚMERO DE CONTROL

  • campo de control: BNPHU

005 - FECHA Y HORA DE LA ÚLTIMA TRANSACCIÓN

  • campo de control: 20240305133817.0

008 - DATOS DE LONGITUD FIJA

  • campo de control de longitud fija: 200615|| aca||aabn | a|a d

010 ## - NÚMERO DE CONTROL DE LA BIBLIOTECA DEL CONGRESO

  • Número de control de LC: n 2001035738

040 ## - FUENTE DE LA CATALOGACIÓN

  • Centro catalogador/agencia de origen: DO-SdBNP
  • Lengua de catalogación: spa
  • Centro/agencia transcriptor: BNPHU
  • Normas de descripción: rda

100 1# - ENCABEZAMIENTO-NOMBRE DE PERSONA

  • Nombre de persona: Wiese Delgado, Hans Paul,
  • Fechas asociadas al nombre: 1928-

370 ## - LUGAR ASOCIADO

  • Lugar de nacimiento: Santo Domingo (República Dominicana)

374 ## - OCUPACIÓN

  • Ocupación: Abogado
  • Ocupación: Filósofo
  • Ocupación: Químico
  • Ocupación: Diiplomata

375 ## - GÉNERO/SEXO

  • Género/Sexo: Masculino

400 1# - TRAZADO DE VÉASE--NOMBRE DE PERSONA

  • Nombre de persona: Delgado, Hans Paul Wiese, |
  • Fechas asociadas al nombre: 1928-

670 ## - FUENTE DE DATOS ENCONTRADOS

  • Cita de la fuente: Work cat.: (OSt)43682: Wiese Delgado, Hans Paul 1928-, Trujillo amado por muchos, odiado por otros, temidos por todos /, 2009.

Con tecnología Koha